Graficko-analytická metóda porovnania dosahov rádiolokačného krytia

Bibliographic Details
Main Authors: Matoušek, Zdeněk (Author), Špirko, Štefan (Author)
Format: Article
Language:Slovak
ISSN:1336-8885
Subjects:

MARC

LEADER 00000nab a2200000 a 4500
001 vtls010238269
003 SK-MaSNL
005 20260304162112.0
008 250507 2008 xo 000 0 slo
015 |a SNBRB2011/02  |2 lmaosk 
035 |a (uuid)51952708-0e59-4e4a-9c73-7f824d874a61 
035 |a urn:nbn:sk:snk-ababvc 
035 |a (urnnbn)urn:nbn:sk:snk:ar-a0ak48 
040 |a SNKBUCL  |b slo  |c SNKBUCL  |e AACR2 
041 0 |a slo 
044 |a xo  |c SK 
080 |a 621.39  |2 2001 
080 |a 623  |2 2001 
100 1 |a Matoušek, Zdeněk  |4 aut  |9 431172 
245 1 0 |a Graficko-analytická metóda porovnania dosahov rádiolokačného krytia  |c Zdeněk Matoušek, Štefan Špirko 
246 3 1 |a Graphic-analytic method for radars interception areas comparison 
500 |a Obsahuje rovnice a grafy 
504 |a Bibliogr. odkazy 
546 |a Res. angl. 
650 0 7 |a radary  |2 lmaosk  |9 83877 
650 0 7 |a prieskum rádiolokačný  |2 lmaosk  |9 1487058 
650 0 7 |a Radars  |2 SNKPHeng  |9 341198 
650 0 7 |a rádiolokačné krytie  |x zmeny dosahu  |2 snkbucl  |9 1487059 
700 1 |a Špirko, Štefan  |4 aut  |9 311040 
773 0 |t Science & Military  |g Roč. 3, č. 1 (2008), s. 5-9  |x 1336-8885 
850 |a Slovenská národná knižnica 
852 |a Slovenská národná knižnica 
954 |a odborná, vedecká literatúra pôvodná (slovenská)  |2 lita 
958 |a article14 
958 |a NB 
958 |a OND 
958 |a EUIPO 
999 |c 2973408  |d 2975338